000 00424nam a2200145Ia 4500
003 IN-BaIIA
008 211028s9999 xx 000 0 eng d
040 _cIIA Library
110 _aObservatorio Nacional Argentino
_91064
245 0 _aUranometria Argentina maps
_cObservatorio Nacional Argentino
260 _aArgentino
_bObservatorio Nacional Argentino
_c1877
650 _aArgentina
_9478
650 _aMap
_91065
942 _cBK
999 _c461
_d461